000
00484nam a2200181Ia 4500
008
100917s9999 xx 000 0 und d
082
_b
45742
100
_a
पारगावकर वि. शं.
245
_a
गोंदण
260
_b
रविराज प्रकाशन
_c
1981
300
_a
182
365
_b
16
520
_a
कादंबरी
630
_a
गोंदण
650
_a
कादंबरी
730
_a
गोंदण
942
_c
BOOK
999
_c
651136
_d
651133